Бытовое обслуживание населения (Запись № 2594662)

Подробности
000 -МАРКЕР
контрольное поле 03758nas1a22004211i 4500
001 - ИДЕНТИФИКАТОР ЗАПИСИ
контрольное поле RU\NLR\INFOCOMM31\1000097462
005 - ИДЕНТИФИКАТОР ВЕРСИИ
контрольное поле 20260408072204.0
011 ## - МЕЖДУНАРОДНЫЙ СТАНДАРТНЫЙ НОМЕР СЕРИАЛЬНОГО ИЗДАНИЯ (ISSN)
Номер (ISSN) 0203-4573
035 ## - ДРУГИЕ СИСТЕМНЫЕ НОМЕРА
Идентификатор записи (NLR Aleph) 002501188
100 ## - ДАННЫЕ ОБЩЕЙ ОБРАБОТКИ
Данные общей обработки 20040819c1972 |||y0rusy50 ca
101 0# - ЯЗЫК РЕСУРСА
Язык текста, звукозаписи и т.д. русский
102 ## - СТРАНА ПУБЛИКАЦИИ ИЛИ ПРОИЗВОДСТВА
Страна публикации Российская Федерация
110 ## - ПОЛЕ КОДИРОВАННЫХ ДАННЫХ: ПРОДОЛЖАЮЩИЕСЯ РЕСУРСЫ
Кодированные данные продолжающегося ресурса ayu||||0|y0
200 1# - ЗАГЛАВИЕ И СВЕДЕНИЯ ОБ ОТВЕТСТВЕННОСТИ
Основное заглавие Бытовое обслуживание населения
Обозначение и номер части Серия 9
Наименование части Фотокиноработы по заказам населения
Сведения, относящиеся к заглавию Обзор. информ.
Первые сведения об ответственности М-во быт. обслуж. населения РСФСР. ЦБНТИ
210 ## - ПУБЛИКАЦИЯ, РАСПРОСТРАНЕНИЕ И ДР.
Дата издания, распространения и т.д. 1972-
311 ## - ПРИМЕЧАНИЯ, ОТНОСЯЩИЕСЯ К ПОЛЯМ СВЯЗИ (ПРИМЕЧАНИЯ О СВЯЗИ С ДРУГИМИ ПРОИЗВЕДЕНИЯМИ (ИЗДАНИЯМИ))
Текст примечания Образовано в результате разделения: ... Серия V-II, Фотокиноработы, бюро обслуживания. (Шифр: П10/3217)
430 #0 - ПРОДОЛЖЕН
Встроенное поле 2001#$aОбзорная информация$hСерия 9$iФотокиноработы по заказам населения
Заглавие Обзорная информация
431 #0 - ПРОДОЛЖЕН ЧАСТИЧНО
Встроенное поле 2001#$aОбзорная информация$hСерия V-II$iФотокиноработы, бюро обслуживания
-- 852##$aNLR$jП10/3217
Заглавие Обзорная информация
440 #0 - ПРОДОЛЖАЕТСЯ ПОД ...
Встроенное поле 2001#$aБытовое обслуживание населения$iСерия "Фотокиноработы по заказам населения"
Заглавие Бытовое обслуживание населения
712 02 - НАИМЕНОВАНИЕ ОРГАНИЗАЦИИ - ВТОРИЧНАЯ ОТВЕТСТВЕННОСТЬ
Код отношения Прочие
Начальный элемент ввода Российский союз объединений, предприятий и организаций бытового обслуживания населения
Структурное подразделение Центральное бюро научно-технической информации
Идентификатор авторитетной/нормативной записи RU\NLR\AUTH\8810081317
Системный номер авторитетной/нормативной записи 664855
712 01 - НАИМЕНОВАНИЕ ОРГАНИЗАЦИИ - ВТОРИЧНАЯ ОТВЕТСТВЕННОСТЬ
Код отношения Прочие
Начальный элемент ввода РСФСР
Структурное подразделение Министерство бытового обслуживания населения
Идентификатор авторитетной/нормативной записи RU\NLR\AUTH\8810062572
Системный номер авторитетной/нормативной записи 626688
801 #1 - ИСТОЧНИК ЗАПИСИ
Страна Российская Федерация
Организация InfoComm
Дата составления 20040819
801 #0 - ИСТОЧНИК ЗАПИСИ
Страна Российская Федерация
Организация NLR
Правила каталогизации PSBO
852 ## - МЕСТОНАХОЖДЕНИЕ И ШИФР ХРАНЕНИЯ
Идентификатор организации NLR
Шифр хранения (Call Number) П10/5817
942 ## - ДОПОЛНИТЕЛЬНЫЕ ЭЛЕМЕНТЫ ЗАПИСИ (АБИС)
Тип экземпляра АБИС Журнал
980 ## - КОЛЛЕКЦИЯ
Название коллекции Русская периодика

Нет доступных экземпляров.